Cantores com músicas entre as 50 mais ouvidas do Youtube Brasil - Statistics

Estatísticas Gerais
  • Esse quiz foi jogado 804 vezes
  • A pontuação média é 34 de 50
Estatísticas das Respostas
Posição Música Estilo Musical Cantor % Correto
17 Flor e o Beija-Flor Sertanejo Henrique e Juliano e Marília Mendonça
94%
15 BEM PIOR QUE EU Sertanejo Marília Mendonça
94%
16 Infiel Sertanejo Marília Mendonça
94%
19 Eu Sei De Cor Sertanejo Marília Mendonça
94%
25 Estranho Sertanejo Marília Mendonça
94%
28 Bebi Liguei Sertanejo Marília Mendonça
94%
30 De quem é a culpa? Sertanejo Marília Mendonça
94%
35 Ciumera Sertanejo Marília Mendonça
94%
45 Todo mundo vai sofrer Sertanejo Marília Mendonça
94%
48 Supera Sertanejo Marília Mendonça
94%
50 Amante Não Tem Lar Sertanejo Marília Mendonça
94%
27 Vou Ter Que Superar Sertanejo Matheus e Kauan e Marília Mendonça
94%
32 Você Partiu Meu Coração Sertanejo Nego do Borel e Anitta e Wesley Safadão
93%
2 Olha a explosão Funk MC Kevinho
92%
9 O Grave Bater Funk MC Kevinho
92%
7 Loka Sertanejo Simone e Simaria e Anitta
92%
47 Vai Malandra Funk Anitta e MC Zaac
90%
3 Ai se eu te pego Sertanejo Michel Teló
89%
44 Quarta Cadeira Sertanejo Matheus e Kauan e Jorge e Mateus
76%
26 Vidinha de Balada Sertanejo Henrique e Juliano
74%
49 Na hora da raiva Sertanejo Henrique e Juliano
74%
13 Medo Bobo Sertanejo Maiara e Maraisa
74%
31 10% Sertanejo Maiara e Maraisa
74%
21 Anti-Amor Sertanejo Gustavo Mioto e Jorge e Mateus
73%
4 Largado as Traças Sertanejo Zé Neto e Cristiano
72%
6 Notificação Preferida Sertanejo Zé Neto e Cristiano
72%
34 Status que eu não queria Sertanejo Zé Neto e Cristiano
72%
14 Poesia Acústica #2 - Sobre Nós Hip Hop/Rap Delacruz, Maria, Ducon, Luiz Lins
71%
40 Cheia de Marra Funk MC Livinho
68%
18 Apelido Carinhoso Sertanejo Gusttavo Lima
67%
39 Propaganda Sertanejo Jorge e Mateus
67%
42 Sosseguei Sertanejo Jorge e Mateus
67%
37 Atrasadinha Pagode Felipe Araújo e Ferrugem
60%
1 Bum Bum Tam Tam Funk MC Fioti
57%
23 Deixe-me Ir Hip Hop/Rap 1Kilo
56%
5 Amor de Verdade Funk MC Kekel e MC Rita
53%
10 Poesia Acústica #6 - Era Uma Vez Hip Hop/Rap Mc Cabelinho, Orochi, Xamã
51%
11 Bumbum Granada Funk MC Zaac e MC Jerry
51%
24 Fuleragem Funk MC WM
47%
41 Péssimo Negócio Pagode Dilsinho
42%
43 Quem Me Dera Sertanejo Márcia Fellipe e Jerry Smith
40%
36 Lembranças Hip Hop/Rap Hungria Hip Hop
38%
46 Abusadamente Funk MC Gustta e MC DG
34%
8 Ninguém Explica Deus Gospel Preto no Branco e Gabriela Rocha
30%
22 Cobaia Sertanejo Luana Prado
26%
38 Não Deixo Não Sertanejo Mano Walter
26%
20 Lugar Secreto Gospel Gabriela Rocha
25%
33 Imprevisível Hip Hop/Rap Tribo da Periferia
18%
12 Aquieta Minh'alma Gospel Ministério Zoe
16%
29 Gospel Midian Lima
15%
Nenhum quiz correspondente encontrado
Distribuição das Pontuações
Porcentagem de Pessoas com Cada Pontuação
Percentil de Números Respondidos
Sua Pontuação Histórica
Você não jogou esse quiz